00433nam a2200157Ia 45000010006000000050017000060080041000230410008000640820013000721000041000852450096001262600009002223000028002316500008002596540008002671036720260306161827.0260306t1995||||xx |||||||||||||| ||spa|| aESP a922bG69 aTorre Reyes, Carlos de la (ed.)eAUT 0aGonzalez Suarez:bestudio introductorio y selección de textos de Carlos de la Torre Reyes c1995 a358 páginas :c21 cm. aGEN aCHU